Statistics for The Life of Julius Caesar

Click here to take the quiz!

General Stats

  • This quiz has been taken 20,443 times
  • The average score is 12 of 20

Answer Stats

HintAnswer% Correct
Famous quote: I came, I saw, I …..Conquered
92%
He probably had a child with this Egyptian queenCleopatra
89%
He was assassinated on this dayThe {Ides} of March
88%
Most well-known of his assassinsBrutus
87%
Playwright who wrote "Julius Caesar" in 1599William Shakespeare
85%
Grand-nephew of Caesar's who became the first emperorOctavian
83%
He conquered this region (modern day France and Belgium)Gaul
74%
What he said when deciding to do the aboveThe die is {cast}
73%
He built a bridge across this river to cross into GermanyRhine
67%
Caesar defied the Senate by crossing this river at the Italian borderRubicon
63%
He became the first Roman general to invade this islandGreat Britain
61%
Person who served as his "Master of Horse" (second in command),
and who eulogized Caesar in the above play
Mark Antony
56%
He reformed this. It was used in Europe without modifications until
Pope Gregory introduced slight changes in 1582.
The calendar
53%
His first name (not Julius)Gaius
44%
Other members of the "First Triumvirate"Pompey
39%
Title that he was given shortly before his assassination{Dictator} for Life
36%
Other members of the "First Triumvirate"Crassus
31%
His family was supposedly descended from this legendary Trojan princeAeneas
23%
At age 37, Caesar was elected as this high Roman priest{Pontifex} Maximus
22%
His three wives (name any one)Cornelia, Pompeia, or Calpurnia
15%

Score Distribution

Percentile by Number Answered

Percent of People with Each Score

Your Score History

You have not taken this quiz